[Event "MCRE_O15"]
[Site "?"]
[Date "2003.??.??"]
[Round "?"]
[White "Hnilicka, Michal"]
[Black "Jezek, Otakar"]
[Result "1-0"]
[WhiteElo "1999"]
[BlackElo "1800"]
[PlyCount "147"]
[EventDate "2003.??.??"]
[EventType "corr"]
[EventRounds "2"]
[SourceDate "2005.03.12"]

1. e4 e5 2. Nf3 Nc6 3. Bb5 a6 4. Ba4 b5 5. Bb3 Nf6 6. O-O Be7 7. Re1 O-O 8. c3
d6 9. h3 Na5 10. Bc2 c5 11. d4 Qc7 12. Nbd2 cxd4 13. cxd4 Bb7 14. d5 Rac8 15.
Bd3 Nd7 16. Nf1 f5 17. exf5 Bxd5 18. Ng5 Bxg5 19. Bxg5 Nc4 20. Bxc4 Bxc4 21.
Ng3 Qc6 22. Be7 Rfe8 23. Qxd6 Qxd6 24. Bxd6 Bd5 25. a3 e4 26. Rad1 Nf6 27. Bf4
Kf7 28. Bg5 Red8 29. Rd4 Rc4 30. Rd2 Rd7 31. Bxf6 Kxf6 32. Nxe4+ Kxf5 33. g4+
Kg6 34. f4 Rcc7 35. f5+ Kh6 36. Red1 Re7 37. Ng3 Bf3 38. Rf1 Re3 39. f6 g6 40.
Rdf2 Bd5 41. Kh2 Kg5 42. f7 Bxf7 43. Rxf7 Rc2+ 44. R1f2 Rxf2+ 45. Rxf2 Kh4 46.
Rf7 h6 47. Rf4 a5 48. g5+ Kxg5 49. Rg4+ Kf6 50. Ne4+ Kg7 51. Nc3 Rd3 52. Rg3
Rd2+ 53. Rg2 Rxg2+ 54. Kxg2 b4 55. axb4 axb4 56. Na2 b3 57. Nc1 Kf6 58. Nxb3
Ke6 59. Kf3 Kd5 60. Kf4 Ke6 61. Nd4+ Kf6 62. b4 Ke7 63. Ke5 h5 64. b5 g5 65. b6
Kd7 66. Kd5 g4 67. hxg4 hxg4 68. Ne6 Kc8 69. Kc6 g3 70. b7+ Kb8 71. Nc5 g2 72.
Nd7+ Ka7 73. b8=Q+ Ka6 74. Qa8# 1-0

[Event "MCRE_O15"]
[Site "?"]
[Date "2003.??.??"]
[Round "?"]
[White "Hnilicka, Michal"]
[Black "Lasik, Petr"]
[Result "1-0"]
[WhiteElo "1999"]
[BlackElo "1800"]
[PlyCount "63"]
[EventDate "2003.??.??"]
[EventType "corr"]
[EventRounds "2"]
[SourceDate "2005.03.12"]

1. e4 e5 2. Nf3 Nc6 3. Bb5 Nf6 4. O-O Bc5 5. Nxe5 Nxe5 6. d4 Qe7 7. dxc5 Qxc5
8. Nc3 O-O 9. Be3 Qe7 10. Bg5 c6 11. Be2 d6 12. f4 Ned7 13. Qd4 h6 14. Bh4 Re8
15. Bf3 Rd8 16. Rad1 Re8 17. Qxd6 Qxd6 18. Rxd6 Nh7 19. Rfd1 Nhf8 20. Bf2 Nb6
21. a4 Nc4 22. Rd8 Be6 23. Rxa8 Rxa8 24. b3 Na5 25. f5 Bc8 26. b4 Nc4 27. Be2
Ne5 28. Rd8 Ned7 29. e5 Nxe5 30. Bd4 Ned7 31. Ne4 b5 32. Nd6 1-0

[Event "MCRE_O15"]
[Site "?"]
[Date "2003.??.??"]
[Round "?"]
[White "Hnilicka, Michal"]
[Black "Popelka, Miloslav"]
[Result "1-0"]
[WhiteElo "1999"]
[BlackElo "1800"]
[PlyCount "91"]
[EventDate "2003.??.??"]
[EventType "corr"]
[EventRounds "2"]
[SourceDate "2005.03.12"]

1. e4 e5 2. Nf3 Nc6 3. Bb5 a6 4. Ba4 Nf6 5. O-O Be7 6. Re1 b5 7. Bb3 O-O 8. c3
d6 9. h3 Bb7 10. d4 Re8 11. Nbd2 Bf8 12. a4 h6 13. Bc2 exd4 14. cxd4 Nb4 15.
Bb1 c5 16. d5 Nd7 17. Ra3 Nb6 18. axb5 axb5 19. Nf1 f5 20. Rxa8 Qxa8 21. exf5
N4xd5 22. Nh4 Nf6 23. Rxe8 Qxe8 24. Ng6 d5 25. Bf4 d4 26. Nxf8 Qxf8 27. Qb3+
Nbd5 28. Qxb5 Nxf4 29. Qxb7 Qd6 30. Nd2 Qe5 31. Ne4 Nxe4 32. Bxe4 Kf8 33. g3
Nxh3+ 34. Kg2 Ng5 35. Bd5 Qxf5 36. Qc6 Qh3+ 37. Kg1 c4 38. Qc7 Qh5 39. Qc5+ Ke8
40. Bc6+ Kf7 41. Qf5+ Ke7 42. Qd7+ Kf6 43. Qxd4+ Ke7 44. Qe5+ Kf8 45. Qc5+ Kf7
46. Qxc4+ 1-0

[Event "MCRE_O15"]
[Site "?"]
[Date "2003.??.??"]
[Round "?"]
[White "Hnilicka, Michal"]
[Black "Vrnak, Michal"]
[Result "1-0"]
[WhiteElo "1999"]
[BlackElo "1800"]
[PlyCount "113"]
[EventDate "2003.??.??"]
[EventType "corr"]
[EventRounds "2"]
[SourceDate "2005.03.12"]

1. e4 e5 2. Nf3 Nc6 3. Bb5 a6 4. Ba4 Nf6 5. O-O Nxe4 6. d4 b5 7. Bb3 d5 8. dxe5
Be6 9. Nbd2 Nc5 10. c3 Bg4 11. Bc2 Qd7 12. Re1 Be7 13. Nf1 Rd8 14. Ne3 Bxf3 15.
Qxf3 Nxe5 16. Qg3 Qe6 17. Qxg7 Bf6 18. Qg3 Ncd3 19. Rd1 Nxc1 20. Raxc1 Kf8 21.
Bf5 Qc6 22. Qf4 h5 23. Be4 dxe4 24. Rxd8+ Bxd8 25. Qxe5 Bf6 26. Qf4 h4 27. Ng4
Be7 28. Re1 h3 29. Rxe4 Qd6 30. Qf3 Rg8 31. gxh3 Qd5 32. b3 c6 33. Kf1 Rg5 34.
Nh6 Bf6 35. c4 bxc4 36. bxc4 Qd7 37. h4 Rg6 38. Nf5 Qd2 39. Qb3 Qc1+ 40. Ke2
Qb2+ 41. Kd3 Qxb3+ 42. axb3 Rg1 43. Re3 Rg2 44. f3 Rxh2 45. Re2 Rh3 46. Ra2
Rxf3+ 47. Ke4 Rxb3 48. Rxa6 Rb8 49. Rxc6 Re8+ 50. Kf3 Be5 51. h5 Kg8 52. c5 Bh2
53. Nh6+ Kg7 54. Ng4 Be5 55. h6+ Kh8 56. Nf6 Rd8 57. Ke4 1-0

[Event "MCRE_O15"]
[Site "?"]
[Date "2003.??.??"]
[Round "?"]
[White "Jezek, Otakar"]
[Black "Hnilicka, Michal"]
[Result "0-1"]
[WhiteElo "1800"]
[BlackElo "1999"]
[PlyCount "72"]
[EventDate "2003.??.??"]
[EventType "corr"]
[EventRounds "2"]
[SourceDate "2005.03.12"]

1. d4 Nf6 2. Nf3 e6 3. Bg5 Be7 4. e3 c5 5. Bb5 cxd4 6. Qxd4 Nc6 7. Qa4 O-O 8.
O-O d5 9. Nbd2 Bd7 10. Qb3 Rc8 11. c3 Ne4 12. Bxe7 Qxe7 13. Nxe4 dxe4 14. Nd2
f5 15. Rad1 Be8 16. Be2 Bf7 17. c4 e5 18. Kh1 Rc7 19. Qc3 Nb4 20. a3 Nd5 21.
Qa5 b6 22. Qb5 Nf6 23. b4 Be8 24. Qa6 f4 25. Rc1 Rd7 26. Rfd1 f3 27. gxf3 exf3
28. Bxf3 Bg6 29. c5 Bd3 30. Qa4 e4 31. c6 Rd6 32. Qb3+ Kh8 33. Bg2 Ng4 34. Re1
Qe5 35. f4 exf3 36. Nxf3 Rxf3 0-1

[Event "MCRE_O15"]
[Site "?"]
[Date "2003.??.??"]
[Round "?"]
[White "Jezek, Otakar"]
[Black "Lasik, Petr"]
[Result "0-1"]
[WhiteElo "1800"]
[BlackElo "1800"]
[PlyCount "114"]
[EventDate "2003.??.??"]
[EventType "corr"]
[EventRounds "2"]
[SourceDate "2005.03.12"]

1. e4 e5 2. Nf3 Nc6 3. d4 exd4 4. Nxd4 Qh4 5. Nc3 Bb4 6. Be3 Bxc3+ 7. bxc3 Qxe4
8. Nb5 Kd8 9. Qh5 f6 10. Qf7 Qe7 11. Qd5 Nh6 12. Be2 d6 13. O-O Nf5 14. Bf3
Nxe3 15. fxe3 Qxe3+ 16. Kh1 Re8 17. Nd4 Ne5 18. Bh5 g6 19. Be2 Qxc3 20. Rae1 a6
21. Rd1 f5 22. Rf4 Ra7 23. Rh4 Ng4 24. Rb1 Qe3 25. h3 Nf2+ 26. Kh2 Ne4 27. Rb3
Qf2 28. Rxh7 Qf4+ 29. Kh1 Nf6 30. Qc4 Qc1+ 31. Kh2 Nxh7 32. Bf3 Qf4+ 33. Kg1 g5
34. Rd3 Nf6 35. Qf7 Qe5 36. Bc6 Qe1+ 37. Kh2 Ng4+ 38. hxg4 Rh8+ 39. Rh3 Qe5+
40. g3 Qxd4 41. Bg2 fxg4 42. Rh7 Rxh7+ 43. Qxh7 Be6 44. Qh6 Ke7 45. Qxg5+ Qf6
46. Qe3 Ra8 47. Kg1 Rf8 48. c3 Kd7 49. Qe1 Qg5 50. Bxb7 Qc5+ 51. Kh2 Rf2+ 52.
Bg2 Bd5 53. Qh1 Rf5 54. Bh3 Qf2+ 55. Qg2 Bxg2 56. Bxg4 Bf1+ 57. Kh1 Qg2# 0-1

[Event "MCRE_O15"]
[Site "?"]
[Date "2003.??.??"]
[Round "?"]
[White "Jezek, Otakar"]
[Black "Listopad, Martin"]
[Result "1/2-1/2"]
[WhiteElo "1800"]
[BlackElo "2000"]
[PlyCount "40"]
[EventDate "2003.??.??"]
[EventType "corr"]
[EventRounds "2"]
[SourceDate "2005.03.12"]

1. Nf3 Nf6 2. d4 d6 3. h3 g6 4. Nc3 Bg7 5. e4 O-O 6. Be2 c5 7. dxc5 Qa5 8. cxd6
Nxe4 9. dxe7 Re8 10. Qd3 Bf5 11. Bd2 Nxc3 12. Qe3 Nc6 13. Bxc3 Bxc3+ 14. Qxc3
Qxc3+ 15. bxc3 Rxe7 16. Kf1 Bxc2 17. Bb5 Rc8 18. Re1 Rxe1+ 19. Kxe1 Be4 20. Be2
Ne7 1/2-1/2

[Event "MCRE_O15"]
[Site "?"]
[Date "2003.??.??"]
[Round "?"]
[White "Jezek, Otakar"]
[Black "Pauschek, Roman"]
[Result "1/2-1/2"]
[WhiteElo "1800"]
[BlackElo "2082"]
[PlyCount "68"]
[EventDate "2003.??.??"]
[EventType "corr"]
[EventRounds "2"]
[SourceDate "2005.03.12"]

1. c4 c5 2. Nc3 Nc6 3. Nf3 g6 4. e4 d6 5. d4 cxd4 6. Nxd4 Bg7 7. Be3 Nf6 8. Be2
O-O 9. O-O Bd7 10. Nxc6 Bxc6 11. f3 Nd7 12. Qd2 Qa5 13. Nd5 Qxd2 14. Nxe7+ Kh8
15. Bxd2 Bxb2 16. Rab1 Bd4+ 17. Kh1 f5 18. Nxc6 bxc6 19. Rbd1 fxe4 20. Bh6 exf3
21. Bxf3 Bg7 22. Bxg7+ Kxg7 23. Rxd6 Ne5 24. Rfd1 Rac8 25. c5 Nxf3 26. Rd7+ Kh6
27. gxf3 Rxf3 28. Rxa7 Rc3 29. Rdd7 Kg5 30. a4 Rxc5 31. Rxh7 Rc2 32. a5 Re8 33.
Rae7 Ra8 34. Ra7 Re8 1/2-1/2

[Event "MCRE_O15"]
[Site "?"]
[Date "2003.??.??"]
[Round "?"]
[White "Jezek, Otakar"]
[Black "Popelka, Miloslav"]
[Result "0-1"]
[WhiteElo "1800"]
[BlackElo "1800"]
[PlyCount "112"]
[EventDate "2003.??.??"]
[EventType "corr"]
[EventRounds "2"]
[SourceDate "2005.03.12"]

1. d4 Nf6 2. Nf3 g6 3. e3 Bg7 4. Bd3 d5 5. O-O O-O 6. c3 Nbd7 7. Nbd2 c5 8. Re1
b6 9. e4 cxd4 10. cxd4 dxe4 11. Nxe4 Bb7 12. Qe2 Rc8 13. Bg5 h6 14. Bd2 Nxe4
15. Bxe4 Bxe4 16. Qxe4 e6 17. Rac1 Nf6 18. Qd3 Qd6 19. Qa6 Rxc1 20. Rxc1 Ra8
21. h3 Nd5 22. a3 Qe7 23. b4 Kh7 24. Ne5 h5 25. b5 Bh6 26. Bxh6 Kxh6 27. Rc2
Kg7 28. Nf3 g5 29. Ne5 g4 30. hxg4 hxg4 31. g3 Rh8 32. Rd2 Qg5 33. Qxa7 Qh5 34.
Qxf7+ Qxf7 35. Nxf7 Kxf7 36. f3 Ra8 37. Rd3 Rc8 38. fxg4 Rc3 39. Rxc3 Nxc3 40.
Kf2 Nxb5 41. Ke3 Nxa3 42. Kd3 Kf6 43. Ke4 b5 44. d5 exd5+ 45. Kxd5 b4 46. Kd4
Kg5 47. Kd3 Kxg4 48. Kd4 Kxg3 49. Kd3 Kf3 50. Kd4 Ke2 51. Kc5 b3 52. Kb4 b2 53.
Kxa3 b1=Q 54. Ka4 Kd3 55. Ka5 Kc4 56. Ka6 Qb8 0-1

[Event "MCRE_O15"]
[Site "?"]
[Date "2003.??.??"]
[Round "?"]
[White "Jezek, Otakar"]
[Black "Vrnak, Michal"]
[Result "1/2-1/2"]
[WhiteElo "1800"]
[BlackElo "1800"]
[PlyCount "82"]
[EventDate "2003.??.??"]
[EventType "corr"]
[EventRounds "2"]
[SourceDate "2005.03.12"]

1. c3 e5 2. d4 exd4 3. cxd4 d5 4. Nc3 Nf6 5. Nf3 Bb4 6. Qa4+ Nc6 7. e3 a6 8.
Ne5 Bd7 9. Nxd7 Bxc3+ 10. bxc3 Qxd7 11. Rb1 Rb8 12. Ba3 b5 13. Qc2 Ne7 14. c4
Qc6 15. Bxe7 Kxe7 16. c5 Rhe8 17. Bd3 Kf8 18. O-O Kg8 19. Rb3 Ne4 20. Rfb1 Qh6
21. a4 c6 22. Ra1 f5 23. axb5 axb5 24. Ra6 Re6 25. Rba3 Rf8 26. Ra8 Ree8 27.
Rxe8 Rxe8 28. Ra6 f4 29. exf4 Qf6 30. g3 Qxd4 31. Rxc6 Nxf2 32. Bxh7+ Kh8 33.
Kg2 Nd1 34. Qg6 Qf2+ 35. Kh3 Qf1+ 36. Kh4 Qe2 37. h3 Qe7+ 38. Kh5 Nc3 39. Rc7
Qxc7 40. Qxe8+ Kxh7 41. Qg6+ Kg8 1/2-1/2

[Event "MCRE_O15"]
[Site "?"]
[Date "2003.??.??"]
[Round "?"]
[White "Lasik, Petr"]
[Black "Hnilicka, Michal"]
[Result "0-1"]
[WhiteElo "1800"]
[BlackElo "1999"]
[PlyCount "66"]
[EventDate "2003.??.??"]
[EventType "corr"]
[EventRounds "2"]
[SourceDate "2005.03.12"]

1. d4 Nf6 2. c4 c5 3. d5 b5 4. cxb5 a6 5. bxa6 Bxa6 6. Nc3 d6 7. Nf3 g6 8. e4
Bxf1 9. Rxf1 Bg7 10. a4 Na6 11. Nd2 O-O 12. Nc4 Nb4 13. Bf4 e6 14. dxe6 d5 15.
Bd6 dxc4 16. e7 Qd7 17. exf8=R+ Bxf8 18. Bg3 Nd3+ 19. Ke2 Nxe4 20. Nxe4 Qd4 21.
f3 f5 22. Qc2 fxe4 23. Rfd1 Qd5 24. f4 Bg7 25. Kf1 g5 26. a5 gxf4 27. Be1 f3
28. gxf3 exf3 29. Bf2 Qe6 30. Rxd3 cxd3 31. Qxd3 Qh3+ 32. Ke1 Re8+ 33. Kd1 Qg2
0-1

[Event "MCRE_O15"]
[Site "?"]
[Date "2003.??.??"]
[Round "?"]
[White "Lasik, Petr"]
[Black "Jezek, Otakar"]
[Result "1-0"]
[WhiteElo "1800"]
[BlackElo "1800"]
[PlyCount "133"]
[EventDate "2003.??.??"]
[EventType "corr"]
[EventRounds "2"]
[SourceDate "2005.03.12"]

1. d4 d5 2. c4 Nf6 3. cxd5 e6 4. dxe6 Bxe6 5. Nf3 c5 6. e3 Nc6 7. Bb5 Qa5+ 8.
Nc3 Rc8 9. Bd2 Qb6 10. O-O a6 11. Bxc6+ Qxc6 12. Rc1 b5 13. dxc5 Bxc5 14. Ne2
Qb7 15. Nf4 Bf5 16. Bc3 Be7 17. Bxf6 Bxf6 18. Rxc8+ Bxc8 19. Nh5 Qb6 20. Nxf6+
Qxf6 21. Qd4 Qxd4 22. Nxd4 O-O 23. Rc1 Bb7 24. h4 Bd5 25. a3 Re8 26. Rc7 Kf8
27. Ra7 Ra8 28. Rd7 Bc4 29. f3 Ke8 30. Rd6 h6 31. e4 a5 32. b3 Bd3 33. Rb6 Rc8
34. Nxb5 Rc1+ 35. Kf2 Rb1 36. Nd6+ Kf8 37. b4 axb4 38. axb4 Rb2+ 39. Ke3 Rb3
40. Kf4 Bf1 41. Rb8+ Ke7 42. Nf5+ Kd7 43. Rb7+ Kc6 44. Rxf7 g5+ 45. hxg5 hxg5+
46. Kxg5 Rxb4 47. g4 Bc4 48. Re7 Rb8 49. Kf6 Rf8+ 50. Ke5 Ra8 51. g5 Ra5+ 52.
Kf6 Ra6 53. g6 Kc5+ 54. Kg5 Ra1 55. Rc7+ Kb4 56. Nd6 Be2 57. f4 Rg1+ 58. Kf6
Bh5 59. f5 Be2 60. e5 Rd1 61. g7 Rg1 62. e6 Bh5 63. e7 Ka5 64. Nf7 Bxf7 65.
Kxf7 Kb6 66. Rc8 Re1 67. g8=Q 1-0

[Event "MCRE_O15"]
[Site "?"]
[Date "2003.??.??"]
[Round "?"]
[White "Lasik, Petr"]
[Black "Listopad, Martin"]
[Result "1/2-1/2"]
[WhiteElo "1800"]
[BlackElo "2000"]
[PlyCount "32"]
[EventDate "2003.??.??"]
[EventType "corr"]
[EventRounds "2"]
[SourceDate "2005.03.12"]

1. d4 Nf6 2. c4 g6 3. Nc3 d5 4. cxd5 Nxd5 5. e4 Nxc3 6. bxc3 Bg7 7. Ba3 O-O 8.
Nf3 Nd7 9. Bd3 c5 10. O-O Qa5 11. Qb3 b5 12. dxc5 Bxc3 13. Rab1 b4 14. Bxb4
Bxb4 15. Qxb4 Qxb4 16. Rxb4 Nxc5 1/2-1/2

[Event "MCRE_O15"]
[Site "?"]
[Date "2003.??.??"]
[Round "?"]
[White "Lasik, Petr"]
[Black "Popelka, Miloslav"]
[Result "0-1"]
[WhiteElo "1800"]
[BlackElo "1800"]
[PlyCount "90"]
[EventDate "2003.??.??"]
[EventType "corr"]
[EventRounds "2"]
[SourceDate "2005.03.12"]

1. d4 Nf6 2. c4 e6 3. Nc3 Bb4 4. a3 Bxc3+ 5. bxc3 c5 6. e3 b6 7. Qf3 d5 8. Ne2
O-O 9. Nf4 Nc6 10. Rb1 Ne4 11. Bb2 cxd4 12. exd4 Re8 13. Bd3 e5 14. Nxd5 Nd6
15. Be2 exd4 16. cxd4 Nxc4 17. Ne3 Nxd4 18. Bxd4 Qxd4 19. O-O Nxe3 20. Qxa8
Nxf1 21. Bxf1 Qe4 22. Qxe4 Rxe4 23. Rc1 Be6 24. h3 Re5 25. f4 Rc5 26. Rxc5 bxc5
27. Kf2 Kf8 28. Be2 Ke7 29. Ke3 Kd6 30. g4 g6 31. h4 f6 32. g5 fxg5 33. fxg5
Ke5 34. Bd1 c4 35. Kd2 Kd4 36. Bc2 c3+ 37. Kc1 Ke3 38. Bd1 Bf5 39. Bb3 Kf4 40.
Bd1 Bd3 41. Bb3 Kg4 42. Bg8 Kxh4 43. Bxh7 Kxg5 44. a4 Be4 45. Bg8 Kf4 0-1

[Event "MCRE_O15"]
[Site "?"]
[Date "2003.??.??"]
[Round "?"]
[White "Lasik, Petr"]
[Black "Vrnak, Michal"]
[Result "0-1"]
[WhiteElo "1800"]
[BlackElo "1800"]
[PlyCount "82"]
[EventDate "2003.??.??"]
[EventType "corr"]
[EventRounds "2"]
[SourceDate "2005.03.12"]

1. d4 d5 2. c4 e6 3. Nc3 c6 4. cxd5 exd5 5. Nf3 Bd6 6. e4 dxe4 7. Nxe4 Nf6 8.
Nxd6+ Qxd6 9. Bd3 O-O 10. O-O Bg4 11. Be3 Nbd7 12. Re1 Rfe8 13. h3 Bh5 14. g4
Bg6 15. Bxg6 hxg6 16. Qb3 Nd5 17. Bg5 b6 18. Rac1 Rxe1+ 19. Rxe1 a5 20. Bd2 Nf8
21. Ne5 Ne6 22. Qc4 Rc8 23. a4 g5 24. Qa6 Rb8 25. Qa7 Rf8 26. Nc4 Qd8 27. Re4
Qf6 28. Nxb6 Nxd4 29. Nxd5 Nf3+ 30. Kg2 Nh4+ 31. Kf1 cxd5 32. Bc3 Qf3 33. Re3
Qd1+ 34. Be1 d4 35. Qd7 Nf3 36. Rxf3 Qxf3 37. Bxa5 Qa8 38. Qf5 Rb8 39. Bd2 Rb3
40. Ke1 g6 41. Qf6 Qe4+ 0-1

[Event "MCRE_O15"]
[Site "?"]
[Date "2003.??.??"]
[Round "?"]
[White "Listopad, Martin"]
[Black "Hnilicka, Michal"]
[Result "0-1"]
[WhiteElo "2000"]
[BlackElo "1999"]
[PlyCount "98"]
[EventDate "2003.??.??"]
[EventType "corr"]
[EventRounds "2"]
[SourceDate "2005.03.12"]

1. e4 e5 2. Nf3 Nf6 3. Nxe5 d6 4. Nf3 Nxe4 5. d4 d5 6. Bd3 Bd6 7. O-O O-O 8.
Re1 Re8 9. c4 c6 10. Nc3 Nxc3 11. bxc3 Bg4 12. Bg5 Rxe1+ 13. Qxe1 Qc8 14. Qe3
Nd7 15. c5 Bc7 16. c4 dxc4 17. Bxc4 Nf8 18. d5 cxd5 19. Bxd5 Ne6 20. Rd1 h6 21.
Bh4 Nxc5 22. Rc1 Bb6 23. Ne5 Be6 24. Bf3 Qf8 25. Nc4 Bxc4 26. Rxc4 Re8 27. Qc3
g5 28. Bg3 f5 29. h4 f4 30. Bh2 Qf6 31. g3 Qxc3 32. Rxc3 Ne4 33. Bxe4 Rxe4 34.
hxg5 Re2 35. gxf4 Rxf2 36. Kh1 hxg5 37. fxg5 Rxa2 38. Be5 Kf7 39. Bf6 Kg6 40.
Rc8 Be3 41. Rg8+ Kf5 42. Rf8 Bxg5 43. Bd8+ Ke6 44. Bxg5 b5 45. Rd8 a5 46. Bd2
b4 47. Kg1 b3 48. Bxa5 Rxa5 49. Rb8 Ra3 0-1

[Event "MCRE_O15"]
[Site "?"]
[Date "2003.??.??"]
[Round "?"]
[White "Listopad, Martin"]
[Black "Jezek, Otakar"]
[Result "1/2-1/2"]
[WhiteElo "2000"]
[BlackElo "1800"]
[PlyCount "53"]
[EventDate "2003.??.??"]
[EventType "corr"]
[EventRounds "2"]
[SourceDate "2005.03.12"]

1. d4 d5 2. c4 dxc4 3. Nf3 e6 4. e4 b5 5. a4 c6 6. axb5 cxb5 7. b3 Bb7 8. bxc4
Bxe4 9. cxb5 Nd7 10. Be2 Ngf6 11. O-O Be7 12. Nbd2 Bd5 13. Ba3 O-O 14. Ne5 Bxa3
15. Rxa3 Qb6 16. Ndf3 Rac8 17. Qd2 Rc7 18. Nxd7 Nxd7 19. Ne5 Rfc8 20. Bd3 Nb8
21. Qf4 f6 22. Ng4 Nd7 23. Ne3 Qb7 24. Ra6 Nf8 25. Nxd5 Qxd5 26. Qe3 Rd8 27.
Qg3 1/2-1/2

[Event "MCRE_O15"]
[Site "?"]
[Date "2003.??.??"]
[Round "?"]
[White "Listopad, Martin"]
[Black "Lasik, Petr"]
[Result "1/2-1/2"]
[WhiteElo "2000"]
[BlackElo "1800"]
[PlyCount "43"]
[EventDate "2003.??.??"]
[EventType "corr"]
[EventRounds "2"]
[SourceDate "2005.03.12"]

1. e4 e5 2. Nf3 Nc6 3. Bb5 a6 4. Ba4 Nf6 5. d4 exd4 6. O-O Bc5 7. e5 Ng4 8. h3
b5 9. Bb3 Ngxe5 10. Nxe5 Nxe5 11. Re1 d6 12. Rxe5+ dxe5 13. Qf3 Be6 14. Qc6+
Kf8 15. Bxe6 fxe6 16. Qxc5+ Qd6 17. Qa3 Qxa3 18. Nxa3 Ke7 19. Nb1 h6 20. Nd2
Rhd8 21. Ne4 c5 22. Bd2 1/2-1/2

[Event "MCRE_O15"]
[Site "?"]
[Date "2003.??.??"]
[Round "?"]
[White "Listopad, Martin"]
[Black "Popelka, Miloslav"]
[Result "1/2-1/2"]
[WhiteElo "2000"]
[BlackElo "1800"]
[PlyCount "69"]
[EventDate "2003.??.??"]
[EventType "corr"]
[EventRounds "2"]
[SourceDate "2005.03.12"]

1. d4 Nf6 2. c4 g6 3. Nc3 d5 4. Nf3 Bg7 5. Bf4 c6 6. e3 O-O 7. Rc1 Bg4 8. Qb3
Bxf3 9. gxf3 Qd7 10. Be5 dxc4 11. Bxc4 b5 12. Bf1 a5 13. a4 b4 14. Bxf6 exf6
15. Ne2 Na6 16. f4 c5 17. Bg2 Rad8 18. Qc4 cxd4 19. Qxa6 dxe3 20. fxe3 f5 21.
O-O Bxb2 22. Rb1 Qd2 23. Kh1 Qc2 24. Nd4 Bxd4 25. exd4 Rxd4 26. Qxa5 Rd2 27.
Rfc1 Qa2 28. Ra1 Qb2 29. Rcb1 Qc2 30. Rg1 b3 31. Rac1 Qa2 32. Rce1 Rc8 33. Qa6
Rcd8 34. a5 b2 35. Qb6 1/2-1/2

[Event "MCRE_O15"]
[Site "?"]
[Date "2003.??.??"]
[Round "?"]
[White "Pauschek, Roman"]
[Black "Lasik, Petr"]
[Result "1/2-1/2"]
[WhiteElo "2082"]
[BlackElo "1800"]
[PlyCount "56"]
[EventDate "2003.??.??"]
[EventType "corr"]
[EventRounds "2"]
[SourceDate "2005.03.12"]

1. d4 d5 2. c4 c6 3. Nf3 Nf6 4. Nc3 dxc4 5. a4 Bf5 6. e3 e6 7. Bxc4 Nbd7 8. O-O
Bd6 9. h3 O-O 10. Nh4 Be4 11. Nxe4 Nxe4 12. Nf3 Nef6 13. Re1 e5 14. e4 Qc7 15.
Bg5 h6 16. dxe5 Bxe5 17. Bh4 Bxb2 18. Rb1 Be5 19. Nxe5 Qxe5 20. Rxb7 Nc5 21.
Bxf6 Qxf6 22. Rc7 Qc3 23. Qe2 Qe5 24. Rxc6 Nxa4 25. Qg4 Kh8 26. Qf3 Nb6 27. Ba2
Rae8 28. Qa3 Qe7 1/2-1/2

[Event "MCRE_O15"]
[Site "?"]
[Date "2003.??.??"]
[Round "?"]
[White "Pauschek, Roman"]
[Black "Popelka, Miloslav"]
[Result "0-1"]
[WhiteElo "2082"]
[BlackElo "1800"]
[PlyCount "84"]
[EventDate "2003.??.??"]
[EventType "corr"]
[EventRounds "2"]
[SourceDate "2005.03.12"]

1. d4 Nf6 2. c4 g6 3. Nc3 Bg7 4. e4 d6 5. f3 O-O 6. Be3 e5 7. d5 Nh5 8. Qd2 f5
9. O-O-O Nd7 10. Bd3 a6 11. exf5 gxf5 12. Nge2 Nc5 13. Bxc5 dxc5 14. h3 Qd6 15.
g4 Bh6 16. g5 Bg7 17. Qe1 Bd7 18. Qh4 Be8 19. Rhe1 Kh8 20. Kb1 Bg6 21. Rd2 Rab8
22. Ka1 b5 23. Rb1 b4 24. Na4 b3 25. a3 e4 26. fxe4 fxe4 27. Bxe4 Rbe8 28. Bxg6
hxg6 29. Rbd1 Qd7 30. Nac3 Bxc3 31. bxc3 Qe7 32. Kb2 Qe3 33. Qg4 Rf2 34. Kxb3
Nf4 35. Nxf4 Rxd2 36. Nxg6+ Kg8 37. Ne7+ Rxe7 38. Qc8+ Re8 39. Qxe8+ Qxe8 40.
Rxd2 Qe3 41. Rh2 Qxg5 42. h4 Qg1 0-1

[Event "MCRE_O15"]
[Site "?"]
[Date "2003.??.??"]
[Round "?"]
[White "Pauschek, Roman"]
[Black "Vrnak, Michal"]
[Result "0-1"]
[WhiteElo "2082"]
[BlackElo "1800"]
[PlyCount "102"]
[EventDate "2003.??.??"]
[EventType "corr"]
[EventRounds "2"]
[SourceDate "2005.03.12"]

1. d4 Nf6 2. c4 e6 3. Nc3 Bb4 4. Qc2 O-O 5. a3 Bxc3+ 6. Qxc3 b6 7. Bg5 Bb7 8.
f3 h6 9. Bh4 d5 10. e3 Nbd7 11. Nh3 c5 12. cxd5 cxd4 13. Qxd4 e5 14. Qd2 Bxd5
15. Nf2 Be6 16. Rc1 Rc8 17. Rxc8 Qxc8 18. Be2 Qc6 19. O-O Qa4 20. f4 Rc8 21.
Bxf6 Nxf6 22. fxe5 Nd7 23. Nd3 Qc2 24. Qd1 Qxd1 25. Bxd1 Kf8 26. Rf4 Nc5 27.
Ne1 Ke7 28. Rd4 Nd7 29. Nd3 Rc7 30. Bg4 Bc4 31. Rxd7+ Rxd7 32. Bxd7 Kxd7 33.
Nf4 g5 34. Nh3 Ke6 35. Kf2 Kxe5 36. Ng1 g4 37. h3 f5 38. hxg4 fxg4 39. Kg3 h5
40. Kh4 Ke4 41. Kxh5 Be6 42. Ne2 Kxe3 43. Nc3 a6 44. Kg5 b5 45. Kf6 Bb3 46. Kf5
Kd2 47. Kxg4 Kc1 48. Ne4 Kxb2 49. Nc5 Bd1+ 50. Kf4 a5 51. Nb7 a4 0-1

[Event "MCRE_O15"]
[Site "?"]
[Date "2003.??.??"]
[Round "?"]
[White "Popelka, Miloslav"]
[Black "Hnilicka, Michal"]
[Result "1/2-1/2"]
[WhiteElo "1800"]
[BlackElo "1999"]
[PlyCount "71"]
[EventDate "2003.??.??"]
[EventType "corr"]
[EventRounds "2"]
[SourceDate "2005.03.12"]

1. d4 d5 2. c4 e5 3. dxe5 d4 4. Nf3 Nc6 5. g3 Bf5 6. Bg2 Qd7 7. O-O O-O-O 8.
Qb3 Bc5 9. Rd1 a6 10. Nc3 Nge7 11. a3 Na5 12. Qa2 Qe8 13. Nd5 Bc2 14. Rd3 Bxd3
15. exd3 Nac6 16. b4 Ba7 17. Bf4 Ng6 18. b5 axb5 19. cxb5 Nxf4 20. gxf4 Na5 21.
Rc1 Kb8 22. Nxc7 Qg8 23. Bh3 g5 24. Bf5 gxf4+ 25. Kh1 Qf8 26. b6 Bxb6 27. Nd5
Bc5 28. Rb1 Ka7 29. Nf6 Qe7 30. Be4 Qe6 31. Qd2 b6 32. Rb5 Ka6 33. a4 h6 34.
Qc2 Rb8 35. Bd5 Qh3 36. Ng1 1/2-1/2

[Event "MCRE_O15"]
[Site "?"]
[Date "2003.??.??"]
[Round "?"]
[White "Popelka, Miloslav"]
[Black "Jezek, Otakar"]
[Result "1-0"]
[WhiteElo "1800"]
[BlackElo "1800"]
[PlyCount "107"]
[EventDate "2003.??.??"]
[EventType "corr"]
[EventRounds "2"]
[SourceDate "2005.03.12"]

1. d4 d5 2. c4 Nf6 3. Nf3 Nc6 4. Nc3 e6 5. Bg5 Be7 6. e3 O-O 7. Rc1 h6 8. Bh4
Na5 9. cxd5 exd5 10. Be2 Bf5 11. O-O c6 12. a3 Nc4 13. Bxc4 dxc4 14. Ne5 Be6
15. Qe2 Rc8 16. Nxc4 c5 17. Rfd1 cxd4 18. Rxd4 Bxc4 19. Rxd8 Bxe2 20. Rxc8 Rxc8
21. Nxe2 Rxc1+ 22. Nxc1 Kf8 23. f3 Nd7 24. Bxe7+ Kxe7 25. e4 Ne5 26. b3 Nc6 27.
Ne2 b5 28. Kf2 Kd6 29. Ke3 Kc5 30. h4 b4 31. a4 g6 32. g3 Ne5 33. g4 g5 34. h5
Nc6 35. Ng3 Nd4 36. Nf5 Nxf5+ 37. gxf5 f6 38. a5 Kd6 39. a6 Ke5 40. f4+ gxf4+
41. Kf3 Kd4 42. Kxf4 Kc3 43. e5 fxe5+ 44. Kxe5 Kxb3 45. f6 Ka2 46. f7 b3 47.
f8=Q b2 48. Qf2 Kb3 49. Qxa7 b1=Q 50. Qb6+ Kc2 51. Qxb1+ Kxb1 52. a7 Kc2 53.
Kd4 Kd2 54. a8=Q 1-0

[Event "MCRE_O15"]
[Site "?"]
[Date "2003.??.??"]
[Round "?"]
[White "Popelka, Miloslav"]
[Black "Lasik, Petr"]
[Result "1-0"]
[WhiteElo "1800"]
[BlackElo "1800"]
[PlyCount "45"]
[EventDate "2003.??.??"]
[EventType "corr"]
[EventRounds "2"]
[SourceDate "2005.03.12"]

1. d4 d5 2. c4 c6 3. Nf3 dxc4 4. e3 b5 5. a4 Nf6 6. axb5 cxb5 7. b3 a5 8. bxc4
b4 9. Ne5 Bd7 10. c5 e6 11. Bd2 Nc6 12. Nxd7 Kxd7 13. Bb5 Be7 14. Na3 bxa3 15.
Bxc6+ Kxc6 16. Qa4+ Kd5 17. f3 e5 18. e4+ Nxe4 19. fxe4+ Kxe4 20. O-O-O Qxd4
21. Qc6+ Kf5 22. Rhf1+ Kg4 23. Qf3+ 1-0